Estadísticas para Merindad de montija (Burgos, España)

Haz click aquí para intentar la prueba.

Estadísticas generales

  • Esta prueba ha sido intentada 10 veces
  • La puntuación promedio es 4 de 18

Estadísticas de respuestas

Respuesta% Correcto
Barcenillas
88%
Quintanilla de Pienza
63%
Villasante
50%
Bercedo
38%
Barcena
25%
Loma
25%
Noceco
25%
Quintanahedo
25%
Aguera
13%
Baranda
13%
Cuestahedo
13%
Gayangos
13%
Quintanilla Sopeña
13%
Revilla
13%
San Pelayo
13%
Villalazara
13%
Hedesa
0%
Montecillo
0%

Distribución de puntuación

Porcentaje por número respondido

Porcentaje de gente con cada puntuación

Historial de tus puntuaciones

No has intentado esta prueba.